Príspevok k optimalizácii predmetu činnosti obchodných podnikov s potravinárskym tovarom z aspektu tvorby sortimentu kandidátska dizertačná práca
Uložené v:
| Hlavný autor: | |
|---|---|
| Korporativný autor: | |
| Ďalší autori: | |
| Médium: | Kniha |
| Jazyk: | Slovak |
| Vydavateľské údaje: |
Bratislava
1990
|
| Predmet: | |
| Tagy: |
Žiadne tagy, Buďte prvý, kto otaguje tento záznam!
|
MARC
| LEADER | 00000nbm a2200000 4500 | ||
|---|---|---|---|
| 001 | 0167105 | ||
| 005 | 20221207103844.2 | ||
| 041 | 0 | |a slo | |
| 044 | |a SK | ||
| 245 | 1 | 0 | |a Príspevok k optimalizácii predmetu činnosti obchodných podnikov s potravinárskym tovarom z aspektu tvorby sortimentu |b kandidátska dizertačná práca |c Ferdinand Daňo ; školiteľ: Jozef Brezník |
| 264 | 1 | |a Bratislava |c 1990 | |
| 300 | |a 163 s. | ||
| 610 | 2 | 0 | |a podnik obchodný |
| 610 | 2 | 0 | |a potraviny |
| 100 | 1 | |a Daňo, Ferdinand, 1959- | |
| 700 | 1 | |a Brezník, Jozef | |
| 710 | 2 | |a Vysoká škola ekonomická v Bratislave | |